00487nam a22001697a 450000500170000001000150001702000260003203500140005803700130007208200090008510000240009424500790011825000060019726000410020327000520024430000210029620231201120340.0 aENG-138514 a9788170264958c495.00 aEN-122046 bDBAD/PUB aS21 aAithal, Saligrama K aHome and the World:bA Collection of Short Stories/cBy Saligrama K Aithal a1 aNew DelhibHeritage Publishersc2022 bNew Delhia19-A Ansari Road, Darya Ganje110002 a118p.c22cm(hbk)